00474ntaaa2200169 45000030003000000050017000030080021000200400037000410820017000782450036000952500010001312600040001413000010001815000078001916500015002697000020002840120251027202317.00714s1973 ag 01  aAR-BaBNbspacAR-BaBNeaacrdRIC a280.1000 M66 aThe nature of the unity we seek a1 ed. aSt. Louis : bBethany Press, c1958 a304 p aOfficial report of the North American Conference on faith and order, 1957 aecumenismo aMinear, Paul S